000 00488nam a2200193Ia 4500
008 170918s9999 xx 000 0 und d
020 _a590559044
050 _bA237 1990
100 _aAdler, David A.
245 2 _aA picture book of Helen Keller /
245 _cDavid A. Adler ; illustrated by John Wallner.
260 _aNew York :
260 _bScholastic,
260 _c1990
300 _aunpaged :
300 _bcolored illustration ;
300 _c20cm.
500 _a450
999 _c341356
_d341356